[Event "Salekhard Rating"]
[Site "Salekhard"]
[Date "2009.05.20"]
[Round "?"]
[White "Panchenko, Sergei"]
[Black "Rechapov, Nikolay"]
[Result "1/2-1/2"]
[WhiteElo "1831"]
[BlackElo "1976"]
[PlyCount "21"]
[EventDate "2009.05.20"]
[EventType "tourn"]
[EventRounds "11"]
[EventCountry "RUS"]
[SourceTitle "EXT 2022"]
[Source "ChessBase"]
[SourceDate "2021.10.06"]
[SourceVersion "1"]
[SourceVersionDate "2021.10.06"]
[SourceQuality "1"]

1. e4 c5 2. Nf3 d6 3. d4 cxd4 4. Nxd4 Nf6 5. Nc3 Nc6 6. Be2 e6 7. Be3 Be7 8. Qd2 a6 9. f4 Qc7 10. 0-0-0 b5 11. g4 1/2-1/2

[Event "Salekhard-ch"]
[Site "Salekhard"]
[Date "2009.02.15"]
[Round "8"]
[White "Semenova, Anastasia"]
[Black "Rechapov, Nikolay"]
[Result "1/2-1/2"]
[WhiteElo "1840"]
[BlackElo "2016"]
[PlyCount "148"]
[EventDate "2009.02.12"]
[EventType "tourn"]
[EventRounds "11"]
[EventCountry "RUS"]
[SourceTitle "EXT 2022"]
[Source "ChessBase"]
[SourceDate "2021.10.06"]
[SourceVersion "1"]
[SourceVersionDate "2021.10.06"]
[SourceQuality "1"]

1. e4 c5 2. c3 d6 3. d4 Qc7 4. Be2 Nf6 5. Nd2 g6 6. Ngf3 Bg7 7. 0-0 0-0 8. h3 e5 9. d5 Nh5 10. Nh2 Nf4 11. Nc4 Nd7 12. Be3 f5 13. Bxf4 exf4 14. exf5 Rxf5 15. Bg4 Rf8 16. Be6+ Kh8 17. Nf3 b5 18. Ncd2 c4 19. Ne4 h6 20. Nd4 a6 21. Re1 Bxd4 22. Qxd4+ Ne5 23. Nxd6 Qxd6 24. Qxe5+ Qxe5 25. Rxe5 Rd8 26. Rd1 Rd6 27. Rd4 f3 28. gxf3 Bb7 29. Kg2 Rad8 30. Kg3 Kg7 31. h4 Kf6 32. Kf4 a5 33. b3 cxb3 34. axb3 Re8 35. Re3 Red8 36. c4 bxc4 37. bxc4 g5+ 38. hxg5+ hxg5+ 39. Kg4 Ra6 40. f4 gxf4 41. Rxf4+ Kg6 42. Re5 Bc8 43. Rg5+ Kh6 44. Rf6+ Kh7 45. Rf3 Bxe6+ 46. dxe6 Rxe6 47. Rxa5 Re4+ 48. Rf4 Rxf4+ 49. Kxf4 Rd4+ 50. Kg5 Rxc4 51. Ra7+ Kg8 52. f4 Rc5+ 53. f5 Rc6 54. f6 Rc1 55. Ra5 Rg1+ 56. Kf5 Rf1+ 57. Ke6 Re1+ 58. Re5 Rf1 59. Ke7 Rf2 60. Rg5+ Kh7 61. f7 Kh6 62. Rg8 Re2+ 63. Kd6 Rd2+ 64. Ke5 Re2+ 65. Kd4 Kh7 66. f8Q Rd2+ 67. Ke5 Rd5+ 68. Kf4 Rd4+ 69. Kf3 Rd3+ 70. Kf2 Rd2+ 71. Ke3 Re2+ 72. Kd4 Rd2+ 73. Ke5 Re2+ 74. Kd6 Rd2+ 1/2-1/2

[Event "Salekhard-ch"]
[Site "Salekhard"]
[Date "2009.02.14"]
[Round "?"]
[White "Rechapov, Nikolay"]
[Black "Zolnikov, Stanislav"]
[Result "1-0"]
[WhiteElo "2016"]
[BlackElo "2002"]
[PlyCount "71"]
[EventDate "2009.02.12"]
[EventType "tourn"]
[EventRounds "11"]
[EventCountry "RUS"]
[SourceTitle "EXT 2022"]
[Source "ChessBase"]
[SourceDate "2021.10.06"]
[SourceVersion "1"]
[SourceVersionDate "2021.10.06"]
[SourceQuality "1"]

1. c4 c5 2. Nc3 Nc6 3. g3 Nf6 4. Bg2 e6 5. e4 e5 6. d3 d6 7. Nge2 Be7 8. 0-0 0-0 9. a3 Be6 10. Nd5 Qd7 11. Be3 Bd8 12. Re1 Ng4 13. Bd2 f5 14. f4 Nd4 15. Nxd4 exd4 16. b4 Bxd5 17. cxd5 Bf6 18. e5 dxe5 19. bxc5 exf4 20. Bxf4 Rfe8 21. Qb3 Kh8 22. c6 Qf7 23. cxb7 Rab8 24. Rxe8+ Qxe8 25. h3 Ne5 26. d6 g5 27. Bd2 Qd7 28. Qd5 Nxd3 29. Rf1 f4 30. gxf4 gxf4 31. Bxf4 Nxf4 32. Rxf4 Bg7 33. Rf7 Qa4 34. Rxg7 Qd1+ 35. Kh2 Kxg7 36. Qe5+ 1-0